000 00352 a2200133 4500
005 20250627144446.0
020 _a9780195670019
082 _a539.7 RAM
100 _aRAMAKALYAN, A.
245 _aLinear Circuits: Analysis and Synthesis
260 _aNew Delhi,
_bOxford University Press,
_c2005
300 _a623p.;
_bBibliography
_c24cm
942 _2ddc
_cBKS
999 _c5695
_d5695